000 00923nas a2200325 4500
001 BR0904681
003 BR-BrBNA
005 20231205113528.0
007 ta
008 230509b bl.|||p| |||| 00| 00por d
040 _aBR-BrBNA
_bpor
_cBiblioteca Nacional de Agricultura
041 _a(Pt)
072 _aL01; L02
100 1 _aBrum Júnior, B. de S.
100 1 _aZanella, I.
100 1 _aToledo, G.S.P. de
100 1 _aXavier, E.G.
100 1 _aVieira, T.A.
100 1 _aGonçalves, E.C.
100 1 _aBrum, H.
100 1 _aOliveira, J.L.S. de
245 1 _aDietas para frangos de corte contendo quirera de arroz
650 _aFRANGO
650 _aPERFORMANCE
650 _aCARCAÇA
650 _aNUTRIÇÃO ANIMAL
773 0 _tCiência Rural (Brazil)
_xISSN 0103-8478
_g(Sep-Oct 2007), v. 37(5) p. 1423-1429
_wBR0904681
909 _a202311
_bLúcia
_c55
_dLúcia Elande
942 _2AGRIS
_n0
_cANA
999 _c204267
_d204267